The twelve: (Record no. 5110)

000 -LEADER
fixed length control field 00702nam a2200205 a 4500
001 - CONTROL NUMBER
control field :::00002851$&:&@@
003 - CONTROL NUMBER IDENTIFIER
control field OkBaRHE
005 - DATE AND TIME OF LATEST TRANSACTION
control field 20000607103257.0
008 - FIXED-LENGTH DATA ELEMENTS--GENERAL INFORMATION
fixed length control field s1957 j 000 0 eng u
040 ## - CATALOGING SOURCE
Transcribing agency
100 1# - MAIN ENTRY--PERSONAL NAME
Personal name Goodspeed, Edgar Johnson, 1871-1962.
245 14 - TITLE STATEMENT
Title The twelve:
Remainder of title the story of Christ's apostles.
260 ## - PUBLICATION, DISTRIBUTION, ETC. (IMPRINT)
Place of publication, distribution, etc Philadelphia, PA., :
Name of publisher, distributor, etc John C. Winston Co.
Date of publication, distribution, etc c1957
300 ## - PHYSICAL DESCRIPTION
Extent 182 p. ;
Dimensions 22 cm.
650 ## - SUBJECT ADDED ENTRY--TOPICAL TERM
Topical term or geographic name as entry element Apostles
650 ## - SUBJECT ADDED ENTRY--TOPICAL TERM
Topical term or geographic name as entry element Bible New Testament
General subdivision Criticism, Interpretation, etc.
650 ## - SUBJECT ADDED ENTRY--TOPICAL TERM
Topical term or geographic name as entry element Christian Literature, Early
General subdivision History and Criticism
942 ## - ADDED ENTRY ELEMENTS (KOHA)
Source of classification or shelving scheme
Koha item type Books
Copies
Shelving location Withdrawn status Permanent Location Lost status Source of classification or shelving scheme Price effective from Full call number Date last seen Copy number Barcode Damaged status Date acquired Koha item type Not for loan
General Stacks RHEMA Bible Training College  2010-04-14BS 2440 .G62018-03-1612851 2010-04-14Books